00918nam a2200241 a 4500001001000000003000500010005001700015008004100032010001100073011001100084040000900095100003000104245012900134260004500263500006000308502010200368650002200470650003700492650003700529650002400566856001600590856007000606000111217CHAP20250926062752.0150120s2014 mx sm |||||||spa d a107679 a108651 cCHAP1 aArellano Mijares, Arnulfo10aDeterminación de la calidad forrajera del zacate bermuda bajo fertilizaciónh[En línea]cpor Arnulfo Arellano Mijares. aBermejillo, Durango. :bEl autor,c2014. aPara ver el contenido del material haga clic en la liga aTesis (Ing. Agr. Esp. en Zonas Áridas) -- UACH. Unidad Regional Universitaria de Zonas Áridas14aCynodon dactylon.14aFertilizantesxEfecto en suelos.17aPastos forrajerosxRendimiento214aPastosxAnálisis. a1 n0000485 aFinding aiduhttp://10.13.5.2/tesis/sist111217.pdfzTeclea aquí